000
00320nam a2200109Ia 4500
008
200302s9999 xx 000 0 und d
100
_a
Isher Judge Ahluwalia &Others ed.,
245
_a
Urbanisation in India Challenges, Opportunities and the Way Forward
260
_b
Sage Publications.com
260
_c
2014
300
_a
337
999
_c
5300
_d
5300